[Event "XXXII C.to Italiano a squadre A2"]
[Site "ITA"]
[Date "2000.05.15"]
[Round "7"]
[White "Sansonetti, Giorgio"]
[Black "Genovese, Maurizio"]
[Result "0-1"]
[WhiteElo "2189"]
[BlackElo "2285"]
[PlyCount "68"]
[EventDate "2000.02.20"]

1. e4 e5 2. Nf3 Nc6 3. c3 Nf6 4. d4 Nxe4 5. d5 Bc5 6. dxc6 Bxf2+ 7. Ke2 bxc6 8.
Qa4 f5 9. Nbd2 O-O 10. Kd1 Nf6 11. Nxe5 Qe8 12. Ndf3 d6 13. Bc4+ Kh8 14. Qxc6
dxe5 15. Qxa8 f4 16. Rf1 Bb6 17. Ke1 Qe7 18. Ng5 h6 19. Nf7+ Kh7 20. Qc6 Bd7
21. Qf3 Be8 22. Qd3+ e4 23. Qc2 Bxf7 24. Bxf7 Rxf7 25. Rxf4 Kh8 26. Qe2 Qc5 27.
g3 Re7 28. Kd1 a5 29. Bd2 e3 30. Be1 Ne4 31. Kc2 Nf2 32. Qf3 Re8 33. Rf5 Qc4
34. b3 Qd3+ 0-1

[Event "XXXII C.to Italiano a squadre A2"]
[Site "ITA"]
[Date "2000.05.15"]
[Round "7"]
[White "Sarno, Spartaco"]
[Black "Piscopo, Pierluigi"]
[Result "1/2-1/2"]
[WhiteElo "2391"]
[BlackElo "2094"]
[PlyCount "70"]
[EventDate "2000.02.20"]

1. Nf3 g6 2. g3 Bg7 3. Bg2 e5 4. d3 Nc6 5. c4 Nf6 6. Nc3 O-O 7. O-O d6 8. Rb1
a5 9. a3 h6 10. b4 axb4 11. axb4 Ne7 12. Bb2 Be6 13. Qc2 Qd7 14. Rfd1 Bh3 15.
Bh1 Qe6 16. Ra1 Rab8 17. b5 Ng4 18. Nd5 Qd7 19. Nxe7+ Qxe7 20. Ra7 Qe6 21. e3
Qf5 22. Qe2 Qh5 23. Nd2 f5 24. Rxb7 Rxb7 25. Bxb7 e4 26. Bd5+ Kh7 27. Bxg7 Kxg7
28. f3 Nf6 29. Bc6 d5 30. cxd5 exf3 31. Nxf3 Bg4 32. Rf1 Bh3 33. Ra1 Bg4 34.
Rf1 Bh3 35. Ra1 Bg4 1/2-1/2